| 000 | 01049nam a2200277Ia 4500 | ||
|---|---|---|---|
| 003 | OSt | ||
| 005 | 20221005111927.0 | ||
| 006 | a|||||r|||| 00| 0 | ||
| 007 | ta | ||
| 008 | 221004b |||||||| |||| 00| 0 san d | ||
| 020 | _c60 | ||
| 024 | _a3859 | ||
| 037 |
_b428, 11/03/2013, Eastern Book Linkers _cTextual |
||
| 040 |
_aCRL _cCRL _bsan |
||
| 041 |
_2san _asan |
||
| 082 | _aQ14:g(Delta:864), 15P4 | ||
| 100 | _aकात्यायन, अभय | ||
| 245 | 0 | _aअथर्ववेदीयज्यौतिड्ढम् | |
| 246 | _aAtharvavedīyajyautiḍḍham | ||
| 260 |
_aवाराणसी _bचौखम्बा सुरभारती प्रकाशन भारत _c2004 |
||
| 300 |
_a101पृ0 _ccm. |
||
| 490 | _aचौखम्बा सुरभारती ग्रन्थमाला; 387 | ||
| 650 | _aधर्म | ||
| 942 |
_hQ14:g(Delta:864), 15P4 _cTEXL _2cc |
||
| 999 |
_c1023325 _d1023325 |
||